Checklist of Yorkshire lichens /
Guardado en:
| Autor Principal: | |
|---|---|
| Formato: | Libro |
| Idioma: | English |
| Publicado: |
Leeds :
Leeds Philosophical and Literary Society,
1994.
|
| Etiquetas: |
Agregar Etiqueta
Sin Etiquetas, Sea el primero en etiquetar este registro!
|
| LEADER | 00665nam a22001695a 4500 | ||
|---|---|---|---|
| 001 | EEA.libagro005166 | ||
| 005 | 20181002113549.0 | ||
| 008 | 130809s1994####xxka#####b####000#0#eng#d | ||
| 020 | |a 1870737091 | ||
| 082 | 0 | 4 | |a 589.10942 |
| 100 | 1 | |a Seaward, M. R. D. | |
| 245 | 1 | 0 | |a Checklist of Yorkshire lichens / |c M.R.D. Seaward. |
| 260 | |a Leeds : |b Leeds Philosophical and Literary Society, |c 1994. | ||
| 300 | |a [35 p.] : |b il. ; |c 25 cm. | ||
| 504 | |a Incluye referencias bibliográficas (p. 118-120). | ||
| 773 | 0 | |t Proceedings of the Leeds Philosophical and Literary Society, Scientific Section. |g v. 11, pt. 5, pp. 85-120. | |
| 859 | |a AR-BbBCA |b BIB. AGRONOMIA |h 589.10942 |i S542 |p 1995/2437 | ||
